Pilotes de Formule 3 - 2022 - Statistiques

Statistiques générales
  • Ce quiz a été pris 96 fois
    78 depuis la dernière actualisation
  • Le résultat moyen est 12 sur 38
Statistiques - réponses
Hint Réponse % Correct
Campos Racing Josep María Martí
87%
ART GP (Alpine) Victor Martins
85%
Hitech GP (Red Bull) Isack Hadjar
83%
Prema Racing (Ferrari) Oliver Bearman
74%
Prema Racing (Ferrari) Arthur Leclerc
65%
Prema Racing (Red Bull) Jak Crawford
50%
Trident Zane Maloney
41%
Van Amersfoort Racing Franco Colapinto
39%
Trident Roman Stanek
39%
ART GP Juan Manuel Correa
35%
MP Motorsport Kush Maini
35%
ART GP Grégoire Saucy
33%
Carlin (Williams) Zak O'Sullivan
33%
MP Motorsport (Alpine) Caio Collet
30%
MP Motorsport Aleksandr Smolyar
26%
Van Amersfoort Racing Rafel Villagomez
26%
Trident (Red Bull) Jonny Edgar
24%
Campos Racing Oliver Goethe
24%
Carlin Brad Benavides
20%
Campos Racing David Vidales
20%
Campos Racing Hunter Yeany
20%
Trident Oliver Rasmussen
20%
Campos Racing Sebastián Montoya
20%
Charouz Racing System Francesco Pizzi
19%
Jenzer Motorsport Ido Cohen
19%
Hitech GP Kaylen Frederick
19%
Hitech GP Nazim Azman
19%
Van Amersfoort Racing Reece Ushijima
19%
Charouz Racing System Christian Mansell
17%
Charouz Racing System David Schumacher
17%
Carlin Enzo Trulli
17%
Charouz Racing System Lirim Zendeli
17%
Jenzer Motorsport William Alatalo
17%
Charouz Racing System Zdeněk Chovanec
17%
Charouz Racing System László Tóth
15%
Charouz Racing System Ayrton Simmons
13%
Jenzer Motorsport Niko Kari
11%
Jenzer Motorsport Frederico Malvestiti
9%
Aucun quiz correspondant
Distribution des résultats
% des personnes avec chaque résultat
Percentile par nombre de réponses
Votre historique - résultats
Vous n’avez pas pris ce quiz depuis la dernière actualisation